000 00748nam a2200253Ia 4500
008 191130s1993##################000#0#eng##
020 _a9780521436373
022 _a92023167
040 _aACL
_cACL
082 _a330.1556 DOE
100 _aDoel, Hans van den
245 _aDemocracy and welfare economics
_cHans van den Doel and Ben van Velthoven
250 _a2nd ed
260 _aCambridge
_bCambridge University Press
_c1993
300 _axii, 212 p. : ill. ; 23 cm
500 _aIncludes bibliographical references and index
650 _aBureaucracy
650 _aDemocracy
650 _aWelfare economics
700 _aVelthoven, Ben van
990 _add758d4cac10000c3d2333a58d550ec2
991 _a39164
999 _c146836
_d146836